Plan of the city of Washington the capitol [sic] of the United States of America /
Saved in:
| Main Author: | |
|---|---|
| Corporate Authors: | , |
| Other Authors: | |
| Format: | Electronic |
| Language: | English |
| Published: |
[1880].
|
| Series: | David Rumsey Collection digital maps
|
| Subjects: | |
| Tags: |
Add Tag
No Tags, Be the first to tag this record!
|
| LEADER | 01498nea a2200313Ka 4500 | ||
|---|---|---|---|
| 001 | 012024916-2 | ||
| 005 | 20090630193809.0 | ||
| 008 | 060531t18801879pau a s 0 eng d | ||
| 034 | 1 | |a a |b 27500 |d -077.072 |e -076.970 |f 038.921 |g 038.861 | |
| 035 | 0 | |a ocm69661504 | |
| 040 | |a CUY |c CUY | ||
| 052 | |a 3850 | ||
| 100 | 1 | |a Mitchell, S. Augustus |q (Samuel Augustus), |d 1792-1868. | |
| 245 | 1 | 0 | |a Plan of the city of Washington |h [electronic resource] : |b the capitol [sic] of the United States of America / |c drawn and engraved by W.H. Gamble. |
| 255 | |a Scale [ca. 1:27,500] |c (W 77.072⁰--W 76.970⁰/N 38.921⁰--N 38.861⁰). | ||
| 260 | |c [1880]. | ||
| 500 | |a Shows wards, major buildings, railroad, etc. | ||
| 500 | |a "Entered according to Act of Congress in the year 1879 by S. Augustus Mitchell in the office of the Librarian of Congress at Washington." | ||
| 500 | |a Scanned raster image of original: 1 map : hand col. ; 25 x 31 cm. | ||
| 500 | |a Original in the David Rumsey Collection; scanned by Cartography Associates. | ||
| 510 | 4 | |a Phillips. Maps of America, |c 1029 | |
| 651 | 0 | |a Washington (D.C.) |v Maps. | |
| 700 | 1 | |a Gamble, W. H. |q (William H.) | |
| 710 | 2 | |a Cartography Associates. | |
| 710 | 2 | |a David Rumsey Collection. | |
| 773 | 0 | |a Mitchell, S. Augustus (Samuel Augustus), 1792-1868. |t Mitchell's new general atlas. |d Philadelphia : S. Augustus Mitchell, 1880, c1879. |g p. 48. |w (OCoLC)69371482 | |
| 830 | 0 | |a David Rumsey Collection digital maps |5 net | |
| 988 | |a 20090630 | ||
| 906 | |0 OCLC | ||


